• 首页
  • 本馆介绍
  • 公告通知
  • 最新文献
  • 馆藏检索
  • 电子资源
  • 读者导购
  • 参考咨询
  • 我的图书馆
  • 登录
  • 详细信息显示
  • 放入我的书架
  • 预约/预借图书
  • 作者相关作品
  • 分类相关作品
  • 丛书相关作品
  • 出版社相关作品

书目信息

  • 表格格式
  • 工作单格式
  • 卡片格式
题名:
简明同义反义词典
    
 
作者: 林玉山 编著
分册:  
出版信息: 深圳   海天出版社  1986
页数: 530页
开本: 19cm
丛书名:
单 册:
中图分类: H136.2
科图分类:
主题词: 汉语--同义词--现代 , 汉语--反义词--现代
电子资源:
ISBN:
000 00673nam0 2200241 45
001 0186017114
005 20050418154912.3
010    @b精装@dCNY5.50
091    @a9382.002
100    @a19900809d1986 em y0chiy0121 ea
101 0  @achi
102    @aCN@b440000
105    @ay e 000yy
200 10 @a简明同义反义词典@Ajian ming tong yi fan yi ci dian@f林玉山编著@FLin YuShan Bian Zhu
210    @a深圳@c海天出版社@d1986
215    @a530页@d19cm
606 0  @a汉语@x同义词@x现代
606 0  @a汉语@x反义词@x现代
690    @aH136.2@v3
701  0 @a林玉山@4编著
801  0 @aCN@b深圳图书馆@c20050418
801  2 @aCN@bNLC@c20050418
905    @f2@b209905-906@dH136.2@e138
    
    简明同义反义词典/林玉山编著.-深圳:海天出版社,1986
    530页;19cm
    
    
    ISBN (精装):CNY5.50
    
●
相关链接 在E读中查询图书 在五车中查询图书 在当当中查询图书 在豆瓣中查询图书


正题名:简明同义反义词典     索取号:H136.2/138         预约/预借

序号 登录号 条形码 馆藏地/架位号 状态 备注
1 0209905   002039546   密集书库/ [索取号:H136.2/138] 在馆    
2 0209906   000837072   工具书阅览室/ [索取号:H136.2/138] 在馆    
3 0209907   001560992   第二样本阅览室/ [索取号:H136.2/138] 在馆    
唐山师范学院图书馆 欢迎您!
大连网信软件有限公司© 版权所有